Vista normal
Vista MARC
Entrada Personal Name
Número de registros utilizados en: 1
001 - CONTROL NUMBER
- control field: 40879
003 - CONTROL NUMBER IDENTIFIER
- control field: OSt
005 - DATE AND TIME OF LATEST TRANSACTION
- control field: 20210930092648.0
008 - FIXED-LENGTH DATA ELEMENTS
- fixed length control field: 210930|| aca||aabn | a|a d
040 ## - CATALOGING SOURCE
- Original cataloging agency: OSt
- Transcribing agency: OSt
100 ## - HEADING--PERSONAL NAME
- Personal name: Enrique Medellín
670 ## - SOURCE DATA FOUND
- Source citation: Work cat.: (OSt)12542: Micheli, Jordy, autor 28520, Innovación y crisis trayectorias y respuestas de empresas y sectores / , 2012.